Library Logo

Pioneer International University Library Catalogue

Human resource management : (Record no. 2318)

MARC details
000 -LEADER
fixed length control field 00588cam a22001934a 4500
005 - DATE AND TIME OF LATEST TRANSACTION
control field 20250901165331.0
008 - FIXED-LENGTH DATA ELEMENTS--GENERAL INFORMATION
fixed length control field 051104s2007 maua b 001 0 eng
010 ## - LIBRARY OF CONGRESS CONTROL NUMBER
LC control number 2005057676
020 ## - INTERNATIONAL STANDARD BOOK NUMBER
International Standard Book Number 9780072987256 (alk. paper)
020 ## - INTERNATIONAL STANDARD BOOK NUMBER
International Standard Book Number 0072987251 (alk. paper)
050 00 - LIBRARY OF CONGRESS CALL NUMBER
Classification number HF5549.2.U5 B456 2007
Item number B456 2007
082 00 - DEWEY DECIMAL CLASSIFICATION NUMBER
Classification number 658.3
Edition information 22
100 1# - MAIN ENTRY--PERSONAL NAME
Personal name Bernardin, H. John.
245 10 - TITLE STATEMENT
Title Human resource management :
Remainder of title an experiential approach /
Statement of responsibility, etc. H. John Bernardin.
250 ## - EDITION STATEMENT
Edition statement 4th ed.
260 ## - PUBLICATION, DISTRIBUTION, ETC.
Place of publication, distribution, etc. Boston :
Name of publisher, distributor, etc. McGraw-Hill,
Date of publication, distribution, etc. c2007.
300 ## - PHYSICAL DESCRIPTION
Extent xiii, 722 p. :
Other physical details ill. ;
Dimensions 28 cm.
942 ## - ADDED ENTRY ELEMENTS (KOHA)
Source of classification or shelving scheme Dewey Decimal Classification
Holdings
Withdrawn status Lost status Source of classification or shelving scheme Damaged status Not for loan Home library Current library Shelving location Date acquired Total checkouts Full call number Barcode Date last seen Date last checked out Price effective from Koha item type
    Library of Congress Classification     Main Library Main Library   03/12/2021 1 HF5549.2.U5 B456 2007 PIU0001377 10/19/2021 10/19/2021 03/12/2021 Books